LDR 00618naa#a2200181#i#450# 001 EN\\bibl\124441 005 20260605162615.5 011 ## _a2409-3750 100 ## _a20260526b2026####ek#y0engy0150####ca 102 ## _aRU 200 1# _aLung cancer screening: modern approaches (literature review) _eJournal article 210 1# _aTula _cLLC Information and publishing center Innovations and investments _d2026 215 ## _a8 с. 608 ## _aJournal article _2local 675 ## _aОпухоли. 616.24-006 _aМедицина. Охрана здоровья. 61 _z 700 #1 _aRadygina _gL. V. 700 #1 _aBarybkina _gM. N. 856 4# _anaukaru.ru _u